| 000 | 00556nam a22001697a 4500 | ||
|---|---|---|---|
| 003 | OSt | ||
| 005 | 20230301131604.0 | ||
| 008 | 190522b xxu||||| |||| 00| 0 eng d | ||
| 040 | _clado v | ||
| 082 |
_a779 _bL864s |
||
| 100 |
_aLopez, Mario Alberto _9770 _eautor |
||
| 245 |
_aSeminario de investigación/ _bSedimento - Una investigación que nace a partir de una fotografía// |
||
| 260 |
_aGuatemala _bYaxs _c2017 |
||
| 300 |
_a12p. _btrae dos afiches _c13x20cm |
||
| 700 |
_aDe Leon, Jorge _eautor |
||
| 942 |
_2ddc _c1 _h779 _iL865s _n0 |
||
| 999 |
_c3105 _d3105 |
||